00481nam a2200145 a 45000010005000000030005000050050017000100080041000270200015000680400026000832450131001092600033002402600026002732600036002995007CDMR20130313113735.0130130s1997||||||||||||||||||||||||||||d a8488762909 aCDMRbcatcCPC GIRONA03aLa ciutat històrica dins la ciutatb: seminari sobre mètodes i experiències d'intervenciócBruno Gabrielli... [et al.] bAjuntament de GironaaGirona bUniversitat de Girona c1997bFundació “la Caixa”